000 00695nam a2200205 4500
001 126630
003 ES-MaACL
005 20250728030709.0
007 t|
008 070214s1985 sp r ||||1| spa d
100 1 _aRequena Jover, Manuel.
_996302
245 1 0 _aAridez /
_cManuel Requena Jover.
260 _aAlicante :
_bCaja de Ahorros Provincial,
_c1985.
300 _a228 p. ;
_c22 cm.
490 1 _aPublicaciones de la Caja de Ahorros Provincial ;
_v121
710 2 _aCaja de Ahorros Provincial de Alicante.
_92280
830 0 0 _aPublicaciones de la Caja de Ahorros Provincial de Alicante
_v121
_9186986
852 _aES-MaACL
_jL-11108
_bR.110569
999 _c126630
_d126630